000 02318nam0a2200409 i 4500
001 RU\NLR\BIBL_A\010986995
005 20260407092749.0
010 _a9785990623354
_9100
021 _aRU
_b16-8931
035 _a(NILC)RuMoRGB-008138392
035 _a(NLR Aleph) 010986995
090 _a10908125
_c10908125
100 _a20160225d2015 u y0rusy50 ca
101 0 _arus
102 _aRU
105 _aa|||z|||010yy
200 1 _aРоссия и Аргентина на траектории взаимного сближения
_eк 130-летию российско-аргентинских дипломатических отношений
_f[д.э.н. П.П. Яковлев, к.и.н. Н.М. Яковлева, к.п.н. А.Н. Пятаков и др.]
_gпод ред. П.П. Яковлева
_gИн-т Латинской Америки Российской акад. наук, Российский гос. Науч. фонд (РГНФ)
210 _aМосква
_cПЛ ИЛА РАН
_d2015
215 _a124 с.
_cил.
_d21
300 _aАвт. указаны на обороте тит. л.
320 _aБиблиогр.: с. 115-123 (80 назв.)
607 _aРоссийская Федерация
_xЭкономические взаимоотношения
_yАргентина
_92284630
_3RU\NLR\AUTH\6601596550
607 _aАргентина
_xЭкономические взаимоотношения
_yФедеративная Республика Германия
_92257560
_3RU\NLR\AUTH\6601583854
675 _a94
686 1 _aУ9(2Р)89(7А)
686 1 _aУ9(7А)89(2Р)
701 1 _4070
_4340
_8rus
_7ca
_aЯковлев
_bП. П.
_cд-р экон. наук
_f1950-
_gПетр Павлович
_3RU\NLR\AUTH\7778250
_961178
701 1 _8rus
_7ca
_aЯковлева
_bН. М.
_cканд. ист. наук
_gНаиля Магитовна
_3RU\NLR\AUTH\77121954
_9104879
701 1 _aПятаков
_bА. Н.
_gАндрей Николаевич
712 0 2 _4570
_aИнститут Латинской Америки
_cМосква
_3RU\NLR\AUTH\8822179
_9318592
801 0 _aRU
_bРГБ
_c20160208
_gRCR
801 1 _aRU
_bРГБ
_c20160208
_2rusmarc
942 _cBOOK
980 _aNBR